000 00714cab a2200217 4500
001 WB2610-04
008 090401t1990 xxu||||| |||| 00| 0 eng d
035 _a(Sirsi) u3326
041 _aeng
245 _aTale of two building sites
260 _c1990
350 _a0
490 _aFinancial Times
_v7/3/90 p25-26(2)
520 _aAccording to a report by NEDO , the productivity of British construction workers building a chemical plant in Cumbria was 42% lower than that of USA engineers constructing an almost identical plant in South Carolina.
650 _aBUILDING INDUSTRY
650 _aCONTRACTORS
650 _aEASTMAN KODAK
690 _aBUILT ENVIRONMENT
942 _n0
948 _c04/03/1997
999 _c2035
_d2035